000 00476nam a2200157 a 4500
001 000041705
005 20201002035716.0
008 131016s1966 sp 000 0 spa d
040 _aDO-SdBNP
_bspa
_cBNPHU
082 _axxxx
_bxxxx
100 1 _aZweig, Stefan
_948388
245 1 3 _aLa piedad peligrosa /
_cStefan Zweig ; traducción Aristides Gamboa.
260 _aBarcelona :
_bLuis de Caralt,
_c1966.
300 _a311 p. ;
_c18 cm.
700 1 _aGamboa, Aristides,
_etr.
_968523
999 _c41194
_d41194